000 00590nam a22002057a 4500
003 OSt
005 20160105153442.0
008 130622t xxu||||| |||| 00| 0 eng d
020 _a9608808723
050 _aU33
_b.T658 2006
082 _aIB 355.02
_bT59 2006
100 _aTomkinson, John L.
245 _aWars and warfare :
_bthemes in 20th century world history for the international baccalaureate
_cTomkinson, John L.
260 _aAthens, Greece :
_bAnagnosis
_cc2006
300 _a174 p.
_bill. ;
_c24cm.
562 _e2
942 _2lcc
_cBK
999 _c2979
_d2979